000 01326nam0a22003251 4500
001 RU\NLR\A1SV\5083
005 20251203171251.9
035 _a(NLR Aleph) 009691024
090 _a9735787
_c9735787
100 _a19980608d1923 u y0rusy50 ca
101 0 _arus
102 _aRU
200 1 _aПсихотерапия и психоанализ
_fПроф. М.И.Аствацатуров
210 _aПг.
_cАкад. изд-во
_d1923
215 _a62 с.
_d17 с.
225 _aНауч. б-ка
_v[N 7]
451 1 _1001RU\NLR\A1SV\5082
_12001#$aПсихотерапия и психоанализ$fПроф. М.И.Аствацатуров
_1700#1$aАствацатуров$bМ.И.$f1877-1936$gМихаил Иванович$4070
_99735784
_aАствацатуров, М.И. (1877-1936)
_cЛ.
_d[1925]
_fПроф. М.И.Аствацатуров
_nНауч. кн-во
_p62 с.
_tПсихотерапия и психоанализ
620 _dСанкт-Петербург
700 1 _aАствацатуров
_bМ.И.
_f1877-1936
_gМихаил Иванович
_4070
801 0 _aRU
_bNLR
_c19980608
852 _aNLR
_j17.145.8.31
852 _aNLR
_j128/2100
899 _aКирОУНБ
899 _aНБЛ КГУ
899 _aБАН
899 _aРГБ
942 _cBOOK
980 _aNB
980 _aA1SV